00499nam a2200217Ia 450000500170000000800460001702000180006303700100008104000080009104000080009904000080010704100080011504100080012308400080013110000150013924500390015426000310019326000090022465000080023385600400024120260306164026.0008 260114s9999 xx 000 0 eng d a9780748689101 aEBOOK aCRL beng cCRL 2eng aeng qCRL aAnagnostou 4aThe European Court Of Human Rights bEdinburgh University Press c2014 aLaw uhttps://academic.oup.com/book/21881